Miasta w TES V Skyrim - Statystyki

Ogólne statystyki
  • Ten quiz został rozwiązany 380 razy
  • Średni wynik to 11 z 16
Statystyki odpowiedzi
Charakterystyczna cecha Miasto % Poprawnych
W mieście znajduje się Smocza Przystań , Pierwszy pokonany smok Biała Grań
98%
W mieście znajduje się Błękitny Pałac , Stolica prowincji Skyrim Samotnia
93%
W mieście znajduje się Gród Podkamienia Kiedyś stolica królestwa renegatów Markart
88%
Rozpoczyna się fabuła gry Helgen
86%
Gildia Złodziei , Sierociniec Pęknina
86%
W mieście znajduje się Pałac Królów , Dziewica Północy Wichrowy Tron
85%
Akademia , Jarl Korir Zimowa Twierdza
83%
Pierwsza osada Smoczego Dziecięcia, którą spotyka po ucieczce z Helgen Rzeczna Puszcza
78%
Położone na skraju wielkiej puszczy , Jeleń z porożami Falkret
75%
Wioska o umiarkowanej wielkości znajdująca się na rzece Karth i jest pomiędzy Samotnią, a Markartem , Charakterystyczny most Smoczymost
75%
Niewielka mieścina położona na północnym skraju Skyrim , Mieszkańcy miasta cierpią na dziwny rodzaj bezsenności Gwiazda Zaranna
72%
Wieś położona we włości Biała Grań , Znane również jako Rorikowy Pożytek Rorikstead
70%
Najbiedniejsze miasto Skyrim , Legendarny wampir został zgładzony w okolicach Morthal
64%
Położone na Solstheim , Kompania Wschodniocesarska Krucza Skała
39%
Gdy Ostatnie Smocze Dziecię pierwszy raz pojawia się w tej miejscowości, zostaje wplątany w konflikt pomiędzy mieszkańcami, a rodem Srebrno-Krwistych Kartwasten
17%
Mieścina służy jako przystanek dla pielgrzymów udających się w podróż przez siedem tysięcy stopni na Wysoki Hrothgar Ivarstread
2%
Nie znaleziono quizów pasujących do podanych kryteriów
Rozkład punktacji
Procent ludzi z każdym wynikiem
Percentyl według liczby udzielonych odpowiedzi
Twoja historia wyników
Nie rozwiązałeś tego quizu